00960nam a2200217 i 450000100060000000300090000600500170001500700030003200800410003510000340007624501480011026000750025830000220033349000630035561000500041870000360046883000680050485200320057299900170060495201210062163448ES-MaACL20250707074011.0t|031210s1956 sp ||||1| spa d1 aFerrer Ezquerra, Luis.95046110aCatálogo de colegiales del Colegio Mayor de Santiago el Cebedeo, del Arzobispo de Salamanca / cLuis Ferrer Ezquerra, Higinio Misol García. aSalamanca : bUniversidad de Salamanca, c1956 (eMadrid : fYagües) a245 p. ; c24 cm.1 aActa Salmanticensia. Historia de la Universidad ; v1, n.324aColegio Arzobispo Fonseca (Salamanca)91575721 aMisol García, Higinio.98165400aActa Salmanticensia. Historia de la Universidadv1, n.39178181 aES-MaACLjC-12926 bR.40707 c63448d63448 00104070aATENEOMbATENEOMcSPALd2008-01-17eSCl0oC-12926p1066504r2023-02-23 00:00:00w2023-02-23yMONOGRAFIA